Oso pardo, oso pardo, qu ves ah? / (Record no. 16129)
[ view plain ]
| 000 -LEADER | |
|---|---|
| fixed length control field | 01246pam a2200385 i 4500 |
| 001 - CONTROL NUMBER | |
| control field | z9uwyp b3332570 |
| 003 - CONTROL NUMBER IDENTIFIER | |
| control field | DLC |
| 005 - DATE AND TIME OF LATEST TRANSACTION | |
| control field | 20160809212340.0 |
| 008 - FIXED-LENGTH DATA ELEMENTS--GENERAL INFORMATION | |
| fixed length control field | 971222s1998 nyua b 000 1 spa |
| 010 ## - LIBRARY OF CONGRESS CONTROL NUMBER | |
| LC control number | 97042445 |
| 020 ## - INTERNATIONAL STANDARD BOOK NUMBER | |
| International Standard Book Number | 0805059679 : |
| Terms of availability | $17.95 |
| 040 ## - CATALOGING SOURCE | |
| Original cataloging agency | DLC |
| Transcribing agency | DLC |
| Modifying agency | DLC |
| 041 1# - LANGUAGE CODE | |
| Language code of text/sound track or separate title | spa |
| Language code of original | eng |
| 050 10 - LIBRARY OF CONGRESS CALL NUMBER | |
| Classification number | PZ74.3 |
| Item number | .M335 1998 |
| 082 00 - DEWEY DECIMAL CLASSIFICATION NUMBER | |
| Classification number | [E] |
| Edition number | 21 |
| 082 14 - DEWEY DECIMAL CLASSIFICATION NUMBER | |
| Classification number | E |
| 090 ## - LOCALLY ASSIGNED LC-TYPE CALL NUMBER (OCLC); LOCAL CALL NUMBER (OCLC) | |
| Classification number (OCLC) (R) ; Classification number, CALL (RLIN) (NR) | E |
| Local cutter number (OCLC) ; Book number/undivided call number, CALL (RLIN) | Mar |
| 100 1# - MAIN ENTRY--PERSONAL NAME | |
| Personal name | Martin, Bill, |
| Dates associated with a name | 1916- |
| 240 10 - UNIFORM TITLE | |
| Uniform title | <a href="Brown bear, brown bear, what do you see?">Brown bear, brown bear, what do you see?</a> |
| Language of a work | Spanish. |
| 245 10 - TITLE STATEMENT | |
| Title | Oso pardo, oso pardo, qu ves ah? / |
| Statement of responsibility, etc. | por Bill Martin, Jr. ; ilustraciones de Eric Carle ; traduccin de Teresa Mlawer. |
| 250 ## - EDITION STATEMENT | |
| Edition statement | 1st ed. |
| 260 ## - PUBLICATION, DISTRIBUTION, ETC. (IMPRINT) | |
| Place of publication, distribution, etc. | New York : |
| Name of publisher, distributor, etc. | H. Holt, |
| Date of publication, distribution, etc. | c1998. |
| 300 ## - PHYSICAL DESCRIPTION | |
| Extent | 1 v. (unpaged) : |
| Other physical details | col. ill. ; |
| Dimensions | 27 cm. |
| 510 4# - CITATION/REFERENCES NOTE | |
| Name of source | Booklist, |
| Location within source | July 01, 1999. |
| 510 4# - CITATION/REFERENCES NOTE | |
| Name of source | School Library Journal, |
| Location within source | November 01, 1998. |
| 520 ## - SUMMARY, ETC. | |
| Summary, etc. | In a question and answer game, a teacher and her group see a variety of animals, each one a different color. |
| 521 1# - TARGET AUDIENCE NOTE | |
| Target audience note | 3-6. |
| Source | Brodart. |
| 521 2# - TARGET AUDIENCE NOTE | |
| Target audience note | P-1. |
| Source | Brodart. |
| 650 #1 - SUBJECT ADDED ENTRY--TOPICAL TERM | |
| Topical term or geographic name as entry element | Color |
| Form subdivision | Fiction. |
| 650 #1 - SUBJECT ADDED ENTRY--TOPICAL TERM | |
| Topical term or geographic name as entry element | Animals |
| Form subdivision | Fiction. |
| 650 #1 - SUBJECT ADDED ENTRY--TOPICAL TERM | |
| Topical term or geographic name as entry element | Spanish language materials. |
| 700 1# - ADDED ENTRY--PERSONAL NAME | |
| Personal name | Carle, Eric, |
| Relator term | ill. |
| 700 1# - ADDED ENTRY--PERSONAL NAME | |
| Personal name | Mlawer, Teresa. |
| 942 ## - ADDED ENTRY ELEMENTS (KOHA) | |
| Koha item type | Libro/Book |
No items available.